Từ các khái niệm"tính khả độc","tính khả tả","tính khả truyền" thử tìm hiểu hai tác phẩm Kim Vân Kiều truyện và Đoạn trường tân thanh /
Kaydedildi:
| Yazar: | |
|---|---|
| Materyal Türü: | Makale |
| Dil: | Vietnamese |
| Konular: | |
| Etiketler: |
Etiketle
Etiket eklenmemiş, İlk siz ekleyin!
|
| Thư viện lưu trữ: | Thư viện Trường Đại học Đà Lạt |
|---|
| LEADER | 01037nam a2200337 4500 | ||
|---|---|---|---|
| 001 | DLU080063404 | ||
| 005 | ##20081010 | ||
| 040 | # | # | |a DLU |b vie |
| 041 | # | # | |a vie |
| 044 | # | # | |a vn |
| 100 | # | # | |a Hà Kim Lan. |
| 245 | # | # | |a Từ các khái niệm"tính khả độc","tính khả tả","tính khả truyền" thử tìm hiểu hai tác phẩm Kim Vân Kiều truyện và Đoạn trường tân thanh / |c Hà Kim Lan. |
| 653 | # | # | |a Kim Vân Kiều truyện |
| 653 | # | # | |a Lý luận văn học |
| 653 | # | # | |a Nguyễn Du |
| 653 | # | # | |a So sánh |
| 653 | # | # | |a Thanh Tâm Tài Nhân |
| 653 | # | # | |a Trung Quốc |
| 653 | # | # | |a Truyện Kiều |
| 653 | # | # | |a Việt Nam |
| 773 | # | # | |t Nghiên cứu Văn học |g Số 2, 2008, tr. 35-53. |
| 920 | # | # | |a Phòng Tạp chí -- Trung tâm Thông tin - Thư viện Trường Đại học Đà Lạt |
| 933 | # | # | |a VH |
| 994 | # | # | |a DLU |
| 900 | # | # | |a True |
| 911 | # | # | |a Hoàng Thị Huyền |
| 925 | # | # | |a G |
| 926 | # | # | |a A |
| 927 | # | # | |a BB |
| 980 | # | # | |a Thư viện Trường Đại học Đà Lạt |